All Pokémon Natures - Statistics

General Stats
  • This quiz has been taken 105 times
  • The average score is 15 of 25
Answer Stats
Hint Answer % Correct
+Attack -Sp. Atk Adamant
86%
+Speed -Attack Timid
82%
+Sp. Atk -Attack Modest
78%
+Speed -Sp. Atk Jolly
73%
+Defense -Attack Bold
67%
+Attack -Speed Brave
67%
+Sp. Def -Attack Calm
65%
+Attack -Attack Hardy
61%
+Sp. Atk -Sp. Atk Bashful
59%
+Speed -Defense Hasty
59%
+Sp. Def -Sp. Def Quirky
59%
+Speed - Speed Serious
59%
+Sp. Atk -Speed Quiet
57%
+Speed -Sp. Def Naive
55%
+Sp. Atk -Sp. Def Rash
55%
+Defense -Sp. Atk Impish
53%
+Defense -Sp. Def Lax
53%
+Sp. Def -Sp. Atk Careful
51%
+Attack -Defense Lonely
51%
+Attack -Sp. Def Naughty
51%
+Defense -Defense Docile
45%
+Defense -Speed Relaxed
45%
+Sp. Def -Speed Sassy
45%
+Sp. Def -Defense Gentle
41%
+Sp. Atk -Defense Mild
35%
No matching quizzes found
Score Distribution
Percent of People with Each Score
Percentile by Number Answered
Your Score History
You have not taken this quiz